UBT Library

The Penguin encyclopedia / (Record no. 44112)

000 -LEADER
fixed length control field 00684cam a2200241 a 4500
001 - CONTROL NUMBER
control field 13767347
005 - DATE AND TIME OF LATEST TRANSACTION
control field 20180306032056.0
008 - FIXED-LENGTH DATA ELEMENTS--GENERAL INFORMATION
fixed length control field 041101s2004 enkab e 000 0deng d
010 ## - LIBRARY OF CONGRESS CONTROL NUMBER
LC control number 2004303368
020 ## - INTERNATIONAL STANDARD BOOK NUMBER
International Standard Book Number 0140515437
035 ## - SYSTEM CONTROL NUMBER
System control number (OCoLC)ocm56479163
040 ## - CATALOGING SOURCE
Original cataloging agency TEF
Transcribing agency TEF
Modifying agency DLC
041 ## - LANGUAGE CODE
Language code of text/sound track or separate title eng
042 ## - AUTHENTICATION CODE
Authentication code lccopycat
080 ## - UNIVERSAL DECIMAL CLASSIFICATION NUMBER
Universal Decimal Classification number 032
082 00 - DEWEY DECIMAL CLASSIFICATION NUMBER
Classification number 032 CRY
Edition number 22
100 ## - Rafti
Rafti 23
101 ## - Shkurtesa
Shkurtesa ENC
245 04 - TITLE STATEMENT
Title The Penguin encyclopedia /
Statement of responsibility, etc edited by David Crystal.
906 ## - LOCAL DATA ELEMENT F, LDF (RLIN)
a 7
b cbc
c copycat
d 2
e ncip
f 20
g y-gencatlg
942 ## - ADDED ENTRY ELEMENTS (KOHA)
Source of classification or shelving scheme
Item type Books
Holdings
Withdrawn status Lost status Source of classification or shelving scheme Damaged status Not for loan Collection code Permanent location Current location Shelving location Date acquired Total Checkouts Full call number Barcode Date last seen Price effective from Koha item type
          Koleksioni i përgjithshem UBT - Lipjan UBT - Lipjan Koleksioni i përgjithshem 03/06/2018   032 CRY 002-3001285 03/06/2018 03/06/2018 Books
UBT Library © 2015-2024. All rights reserved University Education for Business and Technology